| 000 | 00719cab a2200229 4500 | ||
|---|---|---|---|
| 001 | ABS55169 | ||
| 008 | 090401t1996 xxu||||| |||| 00| 0 eng d | ||
| 035 | _a(Sirsi) u14627 | ||
| 041 | _aeng | ||
| 100 | _aPasquire, C. | ||
| 245 | _aCost managing the environment | ||
| 260 | _c1996 | ||
| 350 | _a0 | ||
| 490 |
_aCSM (Chartered Surveyor Monthly) _v5(8) May 1996, 30-31(2) |
||
| 520 | _aDescribes research done at Loughborough University into how QS skills in cost management can be applied to environmental issues. | ||
| 650 | _aENVIRONMENTAL ISSUES | ||
| 650 | _aLOUGHBOROUGH UNIVERSITY | ||
| 650 | _aQUANTITY SURVEYORS | ||
| 690 | _aENVIRONMENTAL AND LAND CONSULTANCY | ||
| 942 | _n0 | ||
| 948 | _c04/03/1997 | ||
| 999 |
_c9546 _d9546 |
||